|
|
|
|
| LEADER |
01113nam a2200301 4500 |
| 001 |
000015100 |
| 003 |
11473 |
| 005 |
20120522100550.0 |
| 008 |
120522s2001 viesd |
| 020 |
|
|
|c 9000
|
| 041 |
0 |
|
|a vie
|
| 082 |
|
|
|a 782.42
|b Von
|
| 245 |
|
0 |
|a Vòng tay thân ái
|b Tập bài hát sinh hoạt tập thể
|c Huỳnh Hữu Tâm; Đàm Thị Tâm; Huỳnh Văn Toàn
|
| 250 |
|
|
|b Tái bản lần thứ hai
|
| 260 |
|
|
|a Tp. Hồ Chí Minh
|b Trẻ
|c 2001
|
| 300 |
|
|
|a 73 tr.
|c 19 cm
|
| 490 |
|
|
|a Tủ sách kỷ năng hoạt động thanh thiếu niên
|
| 700 |
|
|
|a Huỳnh Hữu Tâm
|a Huỳnh Văn Toàn
|a Đàm Thị Tâm
|e tuyển chọn
|
| OWN |
|
|
|a LSP
|
| AVA |
|
|
|a UDN50
|b LSP
|d 782.42 Von
|e available
|t Error 5001 Not defined in file expand_doc_bib_avail.
|f 5
|g 0
|h N
|i 0
|k 1
|
| 999 |
|
|
|a From the UDN01
|
| AVA |
|
|
|a UDN50
|b LSP
|d 782.42 Von
|e available
|t Error 5001 Not defined in file expand_doc_bib_avail.
|f 5
|g 0
|h N
|i 0
|k 1
|
| TYP |
|
|
|a Monograph
|
| TYP |
|
|
|a Printed language
|
| 980 |
|
|
|a Mạng thư viện Đại học Đà Nẵng
|